| 000 -LEADER |
| fixed length control field |
00454nam a22001817a 4500 |
| 008 - FIXED-LENGTH DATA ELEMENTS--GENERAL INFORMATION |
| fixed length control field |
151015b xxu||||| |||| 00| 0 eng d |
| 020 ## - INTERNATIONAL STANDARD BOOK NUMBER |
| International Standard Book Number |
0071232443 |
| 041 0# - LANGUAGE CODE |
| Language code of text/sound track or separate title |
eng |
| 080 ## - UNIVERSAL DECIMAL CLASSIFICATION NUMBER |
| Universal Decimal Classification number |
368.03 |
| 245 0# - TITLE STATEMENT |
| Title |
Risk managment & insurance / |
| Statement of responsibility, etc |
Harrington Niehaus. |
| 250 ## - |
| -- |
2nd ed. |
| 260 ## - |
| -- |
2004 |
| -- |
USA: |
| -- |
McGraw-Hill Companies; |
| 300 ## - |
| -- |
671 f.: |
| -- |
me il.; |
| -- |
24 cm. |
| 650 #0 - |
| -- |
Menaxhim |
| 650 #0 - |
| -- |
Risku |
| 650 #0 - |
| -- |
Sigurimi |
| 942 ## - ADDED ENTRY ELEMENTS (KOHA) |
| Source of classification or shelving scheme |
|
| Item type |
Books |